000 01151nam2a22002291 4500
001 v19\rc\2048502
005 20250620021641.0
035 _a(NLR Aleph) 005127337
090 _a7644312
_c7644312
100 _a20081111d1906 |||y0rusy50 ca
101 0 _arus
102 _aRU
105 _ay z |||c|
200 1 _aВ дурном обществе
_aСон Макара
_aЛес шумит
_aВ ночь под светлый праздник
_aВ подследственном отделении
_aСтарый звонарь
_aОчерки сибирского туриста
_aСоколинец
210 _d1906
_aБ. м.
215 _a404 с.
461 0 _1001v19\rc\2048501
_12001#$aОчерки и рассказы$vКн. 1
_1700#1$3RU\NLR\AUTH\7717433$7ca$aКороленко$bВ. Г.$f1853-1921$gВладимир Галактионович
_96036472
_aКороленко, В. Г. (1853-1921)
_cСанкт-Петербург
_d1906
_nред. журн. "Русское богатство"
_tОчерки и рассказы
_vКн. 1
801 0 _aRU
_bNLR
_gpsbo
801 1 _aRU
_bProSoft-M
_2rusmarc
852 _aNLR
_j129/2843
942 _cBOOK
980 _aNB